Fuzzy Logic in Geoelogy (Record no. 633)

000 -LEADER
fixed length control field 00325 a2200109 4500
020 ## - INTERNATIONAL STANDARD BOOK NUMBER
International Standard Book Number 0124151469
082 ## - DEWEY DECIMAL CLASSIFICATION NUMBER
Classification number 550.1511313 DEM
100 ## - MAIN ENTRY--PERSONAL NAME
Personal name Demicco, Robert V.
245 ## - TITLE STATEMENT
Title Fuzzy Logic in Geoelogy
Statement of responsibility, etc. Robert V. Demicco, George J. Klir
260 ## - PUBLICATION, DISTRIBUTION, ETC.
Place of publication, distribution, etc. Amsterdam :
Name of publisher, distributor, etc. Elsevier Academic Press,
Date of publication, distribution, etc. 2004
300 ## - PHYSICAL DESCRIPTION
Extent xvii, 347p. ;
Other physical details ill . ;
Dimensions 24 cm
650 ## - SUBJECT ADDED ENTRY--TOPICAL TERM
Topical term or geographic name entry element Geology
Holdings
Withdrawn status Lost status Damaged status Not for loan Permanent Location Current Location Shelving location Date acquired Total Checkouts Full call number Barcode Date last seen Price effective from Koha item type
        School of Civil and Environmental Engineering (SCEE) School of Civil and Environmental Engineering (SCEE)       550.1511313 DEM NIT-3579 01/05/2017 01/05/2017 Book
© 2023 Central Library, National University of Sciences and Technology. All Rights Reserved.